000 00795nam a2200229Ia 4500
003 OSt
005 20260112145053.0
008 220923b |||||||| |||| 00| 0 eng d
020 _a9780822342687
037 _cGeneral Book
040 _aRTL
_cRTL
_beng
041 _2eng
_aeng
084 _aY:3(X:3L).2.P, P9
_qRTL
100 _aBirla Ritu
_9306574
245 0 _aStages of capital: law, culture and market governance in Late Colonial India
_b
260 _a New Delhi
_bOrient Blackswan
_c2009
300 _axi, 346 p.
_bIncludes bibliographical references and index.
500 _aBibliography: P 307-28
650 _aSociology
_9863875
942 _hY:3(X:3L).2.P, P9
_cGB
_2CC
_n0
999 _c606243
_d606243